Materialismo histórico: fuentes ideológicas /

El documento presenta una análisis del materialismo histórico, así como de las fuentes ideológicas del materialismo y su relación con el materialismo dialéctico.

Gespeichert in:
Bibliographische Detailangaben
1. Verfasser: Molnar, Erik
Format: Text
Sprache:Spanish
Veröffentlicht: México D.F.: Ediciones de Cultura Popular 1974
Schlagworte:
Tags: Tag hinzufügen
Keine Tags, Fügen Sie den ersten Tag hinzu!

MARC

LEADER 00000 a a2200000 04500
001 38782
003 cru CIDCACS/IIS
005 20230612082955.0
008 230612e1971 mx ||||| |||| 00| 0 spa d
040 |c CRAI/IIS 
090 |a 03.03.01 M725m  
100 |a Molnar, Erik  
245 |a Materialismo histórico: fuentes ideológicas /  |c Erik Molnar 
260 |a México D.F.:   |b Ediciones de Cultura Popular   |c 1974 
300 |a 134 páginas 
520 |a El documento presenta una análisis del materialismo histórico, así como de las fuentes ideológicas del materialismo y su relación con el materialismo dialéctico. 
650 |a MARXISMO  
650 |a IDEOLOGIAS  
650 |a HISTORIA  
942 |2 ddc  |c LI  |h 03.03.01 M725m   |i 06299  |6 030301_M725M_06299 
999 |c 2946  |d 2946